000 00372nam a2200157Ia 4500
008 221030s9999 xx 000 0 und d
020 _a817515344X
041 _aEnglish
082 _a105.23
_bSin
100 _aM. Singh
245 0 _aBasic Electrical Engineering
_cby M. Singh
260 _bGalgotia Pub
_aNew Delhi
_c2002
300 _a283
650 _aEE
942 _cBK
999 _c8233
_d8233